|
|
|
|
| LEADER |
01149nam a2200289 4500 |
| 001 |
c000350866 |
| 003 |
CARM |
| 005 |
00000000000000.0 |
| 008 |
691029s1969 ilu b 001 0 eng |
| 010 |
|
|
|a 69011507 //r97
|
| 019 |
1 |
|
|a 30837
|5 LACONCORD2021
|
| 020 |
|
|
|a 080930385X
|
| 035 |
|
|
|a (OCoLC)22578
|5 LACONCORD2021
|
| 050 |
0 |
0 |
|a PS88
|b .S78
|
| 082 |
0 |
0 |
|a 810.9
|
| 100 |
1 |
|
|a Stone, Edward,
|d 1913-
|
| 245 |
1 |
2 |
|a A certain morbidness;
|b a view of American literature.
|c With a pref. by Harry T. Moore.
|
| 260 |
|
|
|a Carbondale,
|b Southern Illinois University Press
|c [1969]
|
| 300 |
|
|
|a xiii, 183 p.
|c 22 cm.
|
| 490 |
0 |
|
|a Crosscurrents, modern critiques
|
| 504 |
|
|
|a Bibliographical references included in "Notes" (p. 169-178)
|
| 650 |
|
0 |
|a American literature
|x History and criticism.
|
| 650 |
|
0 |
|a Psychoanalysis and literature
|z United States.
|
| 650 |
|
0 |
|a American literature
|x Psychological aspects.
|
| 852 |
8 |
|
|b CARM
|h A1:AM32B0
|i A05116
|p 0439667
|f BK
|
| 999 |
f |
f |
|i 6a0cde57-c510-53ea-ab3a-c6e453fbcd32
|s 676d6a95-5834-52f6-ae94-c03b590289dc
|
| 952 |
f |
f |
|p Can circulate
|a CAVAL
|b CAVAL
|c CAVAL
|d CARM 1 Store
|e A05116
|f A1:AM32B0
|h Other scheme
|i book
|m 0439667
|